000 00477nam a2200181Ia 4500
001 11472
005 20260306162830.0
008 260306t1983||||xx |||||||||||||| ||spa||
041 _aESP
082 _a985.06
_bQ34
100 _aQuerejazu Calvo, Roberto
_eAUT
245 0 _aLa guerra del Pacífico:
_bsíntesis histórica de sus antecedentes, desarrollo y consecuencias
260 _c1983
300 _a
_c
650 _aGEN
654 _aCHU
942 _cLIB
_dJUS
_fJUS
_2ddc
_n
999 _c11472
_d11472